000 00416nam a2200145 i 4500
001 79738
003 ES-MaACL
005 20230906174036.0
007 t|
008 041022s1912 ag ||||1| spa d
100 1 _aHerrero, Antonio.
_963257
245 1 0 _aCaracteres del genio
_b: (la obra de Juan Vucetich) /
_cAntonio Herrero.
260 _aBuenos Aires :
_bMartín García,
_c1912.
852 _aES-MaACL
_jT-1334-F-8
999 _c79738
_d79738